000 00663nam a22001697a 4500
005 20250218113726.0
008 250218b |||||||| |||| 00| 0 eng d
082 _22022
_aUT
100 _aAlquizola, Aljon
_965477
245 _aTaxpayers' satisfaction on government's civil work projects in Digos City /
_cAljon Alquizola, Jan Paulo D. Mortalla, and Fernando C. Dela Torre, Jr.
260 _aDigos City :
_bUMDC,
_c©August 2022.
300 _aviii, 32 pages :
_billustration (some colors) ;
_c29 cm.
500 _aIncludes references and appendices.
700 _aMortalla, Jan Paulo D.
_965478
700 _aDela Torre, Fernando C. Jr.
_965479
942 _2ddc
_cUT
999 _c23496
_d23496